Lufthansa Destinationen - Statistiken

Allgemein
  • Dieses Quiz wurde 27 mal gespielt
  • Das Durchschnittsergebnis liegt bei 83 aus 172
Antworten auf der Karte
Die Antworten werden auf der Karte rot bzw. grün angezeigt, abhängig davon wie oft sie richtig erraten wurden.
 
Antwortstatistiken
Stadt % Korrekt
New York City
90%
Rom
90%
Athen
85%
Dublin
85%
Istanbul
85%
London
85%
San Francisco
85%
Barcelona
80%
Berlin
80%
Leipzig
80%
Los Angeles
80%
Mailand
80%
München
80%
Neapel
80%
Oslo
80%
Warschau
80%
Dresden
75%
Frankfurt
75%
Hamburg
75%
Köln/Bonn
75%
Lissabon
75%
Madrid
75%
Paris
75%
Prag
75%
Riga
75%
Stockholm
75%
Vancouver
75%
Bremen
70%
Dubai
70%
Düsseldorf
70%
Hannover
70%
Kairo
70%
Kopenhagen
70%
Marseille
70%
Mexiko-Stadt
70%
Miami
70%
Porto
70%
Reykjavik
70%
Rio de Janeiro
70%
Seattle
70%
Sevilla
70%
Stuttgart
70%
Tallinn
70%
Tokio
70%
Vilnius
70%
Amsterdam
65%
Brüssel
65%
Buenos Aires
65%
Bukarest
65%
Casablanca
65%
Chicago
65%
Funchal (Madeira)
65%
Johannesburg
65%
Kapstadt
65%
Manchester
65%
Palma de Mallorca
65%
Peking
65%
Wien
65%
Zagreb
65%
Baku
60%
Dallas
60%
Neu-Delhi
60%
Shanghai
60%
Toronto
60%
Washington D.C.
60%
Zürich
60%
Bangkok
55%
Bilbao
55%
Birmingham
55%
Bogotá
55%
Denver
55%
Edinburgh
55%
Glasgow
55%
Mumbai
55%
Nizza
55%
Palermo
55%
Riad
55%
São Paulo
55%
Seoul
55%
Tel Aviv
55%
Tirana
55%
Valencia
55%
Algier
50%
Budapest
50%
Detroit
50%
Helsinki
50%
Houston
50%
Krakau
50%
Luxemburg
50%
Málaga
50%
Salzburg
50%
Teheran
50%
Toulouse
50%
Valletta
50%
Venedig
50%
Amman
45%
Basel
45%
Beirut
45%
Belgrad
45%
Bergen
45%
Bordeaux
45%
Cork
45%
Genf
45%
Hong Kong
45%
Kuwait-Stadt
45%
Lyon
45%
Manila
45%
Sarajevo
45%
Sofia
45%
Straßburg
45%
Boston
40%
Faro
40%
Graz
40%
Ibiza
40%
Jerewan
40%
Montreal
40%
San Diego
40%
Thessaloniki
40%
Tiflis
40%
Tunis
40%
Westerland (Sylt)
40%
Atlanta
35%
Cagliari
35%
Iraklio
35%
Luanda
35%
Münster/Osnabrück
35%
Newark
35%
San José
35%
Alicante
30%
Austin
30%
Bologna
30%
Catania
30%
Göteborg
30%
Ljubljana
30%
Nantes
30%
Posen
30%
Split
30%
Bastia
25%
Bengaluru
25%
Charlotte
25%
Dubrovnik
25%
Izmir
25%
Newcastle upon tyne
25%
St. Louis
25%
Chennai
20%
Heringsdorf (Usedom)
20%
Raleigh
20%
Rijeka
20%
Stavanger
20%
Zadar
20%
Biarritz
15%
Billund
15%
Dammam
15%
Hyderabad
15%
Ancona
10%
Debrecen
10%
Kattowitz
10%
Paphos
10%
Pula
10%
Santiago de Compostela
10%
Cluj-Napoca
5%
Lamezia Terme
5%
Mykonos
5%
Olbia
5%
Asturien
0%
Figari
0%
Hermannstadt
0%
Ivalo
0%
Kittilä
0%
Kuusamo
0%
Ponta Delgada (São Miguel)
0%
Rovaniemi
0%
Keine übereinstimmenden Quizze gefunden
Verteilung der Resultate
Anzahl Personen mit jedem Resultat
Perzentil nach korrekt beantworteten Fragen
Ihre Resultats-Entwicklung
Sie haben dieses Quiz noch nicht gespielt